| 000 | 00588nam a22001817a 4500 | ||
|---|---|---|---|
| 008 | 230309b |||||||| |||| 00| 0 eng d | ||
| 040 |
_aNational Science Library _cNational Science Library |
||
| 080 |
_aD 025.3 _bL0.1 |
||
| 100 |
_aBoll, John J _92380 |
||
| 245 | _aIntroduction to cataloging | ||
| 260 |
_aNew York: _bMcgraw-Hill Book Company, _c1970 |
||
| 300 | _axii, 400p. | ||
| 500 | _aVol. II: Descriptive cataloging and an overview of catalogs and cataloging | ||
| 650 | _aEntry headings | ||
| 653 | _aCataloging process | ||
| 653 | _aCataloging rules | ||
| 942 |
_2udc _cBK |
||
| 999 |
_c6846 _d6846 |
||